The Mantra of CSAT : Civil Service Aptitude Test Paper II (Record no. 12696)

MARC details
000 -LEADER
fixed length control field 00406nam a2200157 4500
003 - CONTROL NUMBER IDENTIFIER
control field OSt
008 - FIXED-LENGTH DATA ELEMENTS--GENERAL INFORMATION
fixed length control field 240515b |||||||| |||| 00| 0 eng d
020 ## - INTERNATIONAL STANDARD BOOK NUMBER
International Standard Book Number 9789356816657
082 ## - DEWEY DECIMAL CLASSIFICATION NUMBER
Classification number 371.268 PUM
100 ## - MAIN ENTRY--PERSONAL NAME
Personal name PURI, Gautam
245 ## - TITLE STATEMENT
Title The Mantra of CSAT : Civil Service Aptitude Test Paper II
250 ## - EDITION STATEMENT
Edition statement 2nd
260 ## - PUBLICATION, DISTRIBUTION, ETC. (IMPRINT)
Place of publication, distribution, etc New Delhi
Name of publisher, distributor, etc GK Publication(p) Ltd.
Date of publication, distribution, etc 2024
300 ## - PHYSICAL DESCRIPTION
Extent 428
942 ## - ADDED ENTRY ELEMENTS (KOHA)
Source of classification or shelving scheme Dewey Decimal Classification
Koha item type Reference Books
Holdings
Withdrawn status Lost status Source of classification or shelving scheme Damaged status Not for loan Collection code Home library Current library Date acquired Source of acquisition Currency Cost, normal purchase price Bill Number Total Checkouts Full call number Acc. no. / Barcode Date last seen Actual Cost, discounted price Bill Date Koha item type Public note
    Dewey Decimal Classification     GENERAL PIET C-LIBRARY PIET C-LIBRARY 27/03/2024 Zaffa Books and Distributors In Rupees 575.00 ZBD0457   371.268 PUM 36883 15/05/2024 402.50 27/03/2024 Reference Books Competitive
    Dewey Decimal Classification     GENERAL PIET C-LIBRARY PIET C-LIBRARY 11/04/2025 Zaffa Books INR 575.00 ZBD0039   371.268 PUM 39247 19/04/2025 402.50 11/04/2025 Text Books Competitive

Design & Developed by: PIET Central Library
R70 Miles Stone Pattikalyana Samalkha Panipat 132102
mail ID :- [email protected], Phone No:- 0180-2569700 Ex.216